banner koha

Os desafios de um mundo mais quente (Registro n. 331426)

MARC details
000 -LÍDER
fixed length control field 00833nab a2200253 4500
003 - CÓDIGO MARC DA AGÊNCIA CATALOGADORA
Campo de controle BR-BrBNA
005 - DATA E HORA DA ÚLTIMA ATUALIZAÇÃO
Campo de controle 20250512125456.0
008 - CAMPO DE TAMANHO FIXO
fixed length control field 250512b bl.||||| |||| 00| 0 por d
040 ## - FONTE DA CATALOGAÇÃO
Agência catalogadora BR-BrBNA
Idioma da catalogação por
072 ## - CATEGORIA AGRIS
Código AGRIS P40 ; H50 ; F30
100 ## - ENTRADA PRINCIPAL - NOME PESSOAL
Nome pessoal Stefano, Fabiane
245 ## - TÍTULO PRINCIPAL
Título principal Os desafios de um mundo mais quente
Subtítulo Agrotecnologia
500 ## - NOTA GERAL
Nota geral 1 illus.
942 ## - ADDED ENTRY ELEMENTS (KOHA)
Koha item type Analítica
650 ## - ASSUNTO - THESAGRO
Cabeçalho tópico ou nome geográfico MUDANÇA CLIMÁTICA
650 ## - ASSUNTO - THESAGRO
Cabeçalho tópico ou nome geográfico AQUECIMENTO GLOBAL
650 ## - ASSUNTO - THESAGRO
Cabeçalho tópico ou nome geográfico EFEITO ESTUFA
650 ## - ASSUNTO - THESAGRO
Cabeçalho tópico ou nome geográfico STRESS HÍDRICO
650 ## - ASSUNTO - THESAGRO
Cabeçalho tópico ou nome geográfico ENCHENTE
650 ## - ASSUNTO - THESAGRO
Cabeçalho tópico ou nome geográfico PLANTA TRANSGÊNICA
650 ## - ASSUNTO - THESAGRO
Cabeçalho tópico ou nome geográfico VARIEDADE RESISTENTE
773 0# - ENTRADA ANALÍTICA
Host Biblionumber 1706
Registro do item 347836
Imprenta São Paulo-SP Editora Três Ltda - E-mail: luizfsa@revistadinheiro.com.br 2004
Outro identificador 2025-0337
Título Dinheiro Rural (Brazil)
ISSN 1807-3700
Colação v. 4(27) p. 28-29; (Jan 2007)
Número de controle de registro BR2025001072

Nenhum exemplar disponível.

BINAGRI

Telefone: (61)3218-2567/2388/3357/2097 - binagri@agro.gov.br

Ministério da Agricultura e Pecuária , Esplanada dos Ministérios, Bloco D, Anexo B, Brasília/DF, CEP: 70.043-900